000 00309nam a22001217a 4500
008 190315b xxu||||| |||| 00| 0 eng d
041 _aeng
080 _a043.3
100 _a0
101 _aMBE-BA
245 _aManuali i Procedurave Financiare ne Organizata Jo-Qeveritare-OJQ
_cMargilaj, A
942 _2udc
_cBK
999 _c54839
_d54839